000 00423nam a2200157Ia 4500
999 _c5007
_d5007
020 _a9788131204603
082 _a616.9041
_bMAH
_23rd
100 _aMahon, Connie R.
245 0 _aTextbook of Diagnostic Microbiology
250 _a3rd
260 _aIndia
_bSaunders Company
_c2007
300 _a1211 p
_b:ill;
504 _ainclude index
650 _aMicrobiology
_vDiagnostic
_vDiagnosis
_vNursing
_vIMDC
942 _cBK
_2ddc